LIBRARY & INFORMATION CENTRE, KCAET, TAVANUR

ONLINE PUBLIC ACCESS CATALOGUE (OPAC)

Watershed planning and management / (Record no. 1758)

MARC details
000 -LEADER
fixed length control field 00363cam a2200145ua 4500
020 ## - INTERNATIONAL STANDARD BOOK NUMBER
ISBN 8186882022
082 ## - DEWEY DECIMAL CLASSIFICATION NUMBER
Classification number 551.492
Item number RAJ/WA
100 ## - MAIN ENTRY--AUTHOR NAME
Personal name Rajvir, Singh .
245 ## - TITLE STATEMENT
Title Watershed planning and management /
250 ## - EDITION STATEMENT
Edition statement 1 /
260 ## - PUBLICATION, DISTRIBUTION, ETC. (IMPRINT)
Place of publication Bikaner :
Name of publisher Yash publishing house ,
Year of publication 2000.
300 ## - PHYSICAL DESCRIPTION
Number of Pages 470 :
Other physical details ` ; .
500 ## - GENERAL NOTE
General note 20440- Reference
942 ## - ADDED ENTRY ELEMENTS (KOHA)
Koha item type Books
Holdings
Withdrawn status Lost status Damaged status Home library Current library Date acquired Full call number Accession Number Koha item type Collection code Shelving location
      KAUAET KAUAET 07/04/2012 551.492 20441 Books    
      KAUAET KAUAET 07/04/2012 551.492 20440 Books    
      KAUAET KAUAET 07/04/2012 551.492 20444 Books    
      KAUAET KAUAET 07/04/2012 551.492 20442 Books    
      KAUAET KAUAET 07/04/2012 551.492 20443 Books    
      KAUAET KAUAET 07/04/2012 551.492 22051 Books    
      KAUAET KAUAET 07/04/2012 551.492 22048 Books    
      KAUAET KAUAET 07/04/2012 551.492 22050 Books    
      KAUAET KAUAET 07/04/2012 551.492 22052 Books    
      KAUAET KAUAET 07/04/2012 551.492 22049 Books    
      KAUAET KAUAET 31/03/2012 551.492 RAJ/WA 22605 Books Non-fiction General Stacks
      KAUAET KAUAET 31/03/2012 551.492 RAJ/WA 22606 Books Non-fiction General Stacks
      KAUAET KAUAET 31/03/2012 551.492 RAJ/WA 22607 Books Non-fiction General Stacks
      KAUAET KAUAET 31/03/2012 551.492 RAJ/WA 22608 Books Non-fiction General Stacks
      KAUAET KAUAET 31/03/2012 551.492 RAJ/WA 22609 Books Non-fiction General Stacks
      KAUAET KAUAET 31/03/2012 551.492 RAJ/WA 22610 Books Non-fiction General Stacks
      KAUAET KAUAET 31/03/2012 551.492 RAJ/WA 22611 Books Non-fiction General Stacks
      KAUAET KAUAET 31/03/2012 551.492 RAJ/WA 22612 Books Non-fiction General Stacks
      KAUAET KAUAET 31/03/2012 551.492 RAJ/WA 22613 Books Non-fiction General Stacks
      KAUAET KAUAET 31/03/2012 551.492 RAJ/WA 22614 Books Non-fiction General Stacks
free website counter